ROSS & WILSON ANATOMY AND PHYSIOLOGY IN HEALTH AND ILLNESS. (Record no. 216985)

MARC details
000 -LEADER
fixed length control field 00564nam a22001937a 4500
008 - FIXED-LENGTH DATA ELEMENTS--GENERAL INFORMATION
fixed length control field 260416b |||||||| |||| 00| 0 eng d
020 ## - INTERNATIONAL STANDARD BOOK NUMBER
International Standard Book Number 978-0-323- 83461-2
050 ## - LIBRARY OF CONGRESS CALL NUMBER
Classification number RT 69 .W38 2023
100 ## - MAIN ENTRY--PERSONAL NAME
Personal name WAUGH, ANNE
245 ## - TITLE STATEMENT
Title ROSS & WILSON ANATOMY AND PHYSIOLOGY IN HEALTH AND ILLNESS.
250 ## - EDITION STATEMENT
Edition statement 14TH
260 ## - PUBLICATION, DISTRIBUTION, ETC.
Place of publication, distribution, etc. INDIA,
Name of publisher, distributor, etc. ELSEVIER,
Date of publication, distribution, etc. 2023.
300 ## - PHYSICAL DESCRIPTION
Extent XI,586 P, ILL
500 ## - GENERAL NOTE
General note INCLUDES INDEX
650 ## - SUBJECT ADDED ENTRY
Topical term or geographic name entry element 1. HUMAN ANATOMY- TEXTBOOKS 2. HUMAN PHYSIOLOGY- TEXTBOOKS
700 ## - ADDED ENTRY--PERSONAL NAME
Personal name GRANT, ALLISON
942 ## - ADDED ENTRY ELEMENTS (KOHA)
Source of classification or shelving scheme Library of Congress Classification
Koha item type Long Loan Book
Holdings
Withdrawn status Lost status Source of classification or shelving scheme Damaged status Not for loan Collection Home library Current library Shelving location Date acquired Inventory number Total checkouts Full call number Barcode Date last seen Copy number Price effective from Koha item type
    Library of Congress Classification     Medicine Kisii University Library Kisii University Library On Display 04/16/2026 112799   RT 69 .W38 2023 a001841 04/16/2026 1 04/16/2026 Long Loan Book
    Library of Congress Classification     Medicine Kisii University Library Kisii University Library On Display 04/16/2026 112800   RT 69 .W38 2023 a001839 04/16/2026 2 04/16/2026 Long Loan Book
    Library of Congress Classification     Medicine Kisii University Library Kisii University Library On Display 04/16/2026 112801   RT 69 .W38 2023 a001844 04/16/2026 3 04/16/2026 Long Loan Book
    Library of Congress Classification     Medicine Kisii University Library Kisii University Library On Display 04/16/2026 112802   RT 69 .W38 2023 a001845 04/16/2026 4 04/16/2026 Long Loan Book
    Library of Congress Classification     Medicine Kisii University Library Kisii University Library On Display 04/16/2026 112803   RT 69 .W38 2023 a001840 04/16/2026 5 04/16/2026 Long Loan Book
    Library of Congress Classification     Medicine Kisii University Library Kisii University Library On Display 04/16/2026 112804   RT 69 .W38 2023 a001842 04/16/2026 6 04/16/2026 Long Loan Book
    Library of Congress Classification     Medicine Kisii University Library Kisii University Library On Display 04/16/2026 112805   RT 69 .W38 2023 a001768 04/16/2026 7 04/16/2026 Long Loan Book